| 000 | 00460nam a2200169Ia 4500 | ||
|---|---|---|---|
| 008 | 230524s9999 xx 000 0 und d | ||
| 020 | _a9781403927576 | ||
| 082 | _bKHE | ||
| 100 | _aShiv Khera | ||
| 245 | 0 | _a"Freedom is not Free (Every Generation needs to earn its Own Freedom), Rev ed." | |
| 250 | _a1 | ||
| 260 |
_aNew Delhi _bMacmillan _c2009 |
||
| 300 | _a"xi,226p;" | ||
| 500 | _aQuantity Number: 1 | ||
| 650 |
_aMiscellaneous _91877 |
||
| 942 | _cBK | ||
| 999 |
_c52328 _d52328 |
||